1726 1458 1831 1603 1342 1057 1207 1007 1307 1101 1016 1237 1733 2000 1553 1652 1547 1832 1214 1046 1818 1713 1388 1935 1716 1994 1390 1906 1095 1818 1473 1927 1579 1397 1192 1350 1548 1036 1784 1631 1006 1232 1856 1520 1042 1599 1807 1535 1284 1178 1375 1488 1592 1859 1495 1875 1114 1899 1244 1921 1756 1803 1045 1948 1270 1807 1655 1569 1820 1622 1917 1816 1604 1001 1132 1135 1442 1450 1276 1818 1524 1192 1920 1426 1188 1053 1546 1136 1584 1998 1059 1604 1070 1989 1452 1894 1431 1155 1847 BCNSPRNW ULIB Ver.6.0+V

เปลี่ยนเป็นภาษาไทย

Change to English
 แสดงรายละเอียดบรรณานุกรม
  กลับหน้าหลัก

Brief Record : Get Marc (ISO 2709) : E-mail record : QR code < ปิดหน้าต่าง
LEADER : 00000nam 2200000uu 4500
001    13399107743
003     ULIB
008    110201s2550||||th 000 0 tha d
020    9789742988050
060  4 QT104^bจ483ก 2550
245 00 สรีรวิทยา = ^bEssential atlas of physiology/^c[กฤตยา รามโกมุท, แปล ; วิริยะ สิริสิงห, บรรณาธิการ]
246 0  Essential atlas of physiology
250    พิมพ์ครั้งที่ 1
260    กรุงเทพฯ :^bสุวีริยาสาส์น,^c2550
300    96 หน้า. :^bภาพประกอบสี ;^c31 ซม.
650  7 สรีรวิทยา
700 0  วิริยะ สิริสิงห,^eผู้แปล
700 0  วิริยะ สิริสิงห,^eบรรณาธิการ
945    ^p300^l0^i023696
945    ^p300^l0^i023695
995    ทศพร
999 ^a ใช้งานได้ทุกระบบ
รายการนี้ยังไม่มีแท็ก
คุณยังไม่ได้ล็อกอิน คุณสามารถมีกิจกรรมร่วมกับเว็บไซต์ได้ แต่ต้องล็อกอินก่อน ::
  ล็อกอิน

รายการสื่อสารสนเทศ

ลำดับที่ ประเภท เลขเรียก/บาร์โค้ด สถานที่ สถานะ
- ไม่พบข้อมูล -

รายการใกล้เคียง
    หัวเรื่อง [สรีรวิทยา]

BibComment


ยังไม่เคยถูกคอมเมนท์

คอมเมนท์ทรัพยากรรายการนี้
  คอมเมนท์: สรีรวิทยา Essen..


 Copyright 2026. Bcnsprnw @Library